Southville International School and Colleges
Your cart is empty.
  • Cart
  • Lists
    Public lists Eva Luna New books Lux_list list_1
    Your lists Log in to create your own lists
  • Log in to your account
  • Your cookies
  • Search history
Southville International School and Colleges
  • Advanced search
  • Recent comments
  • Most popular
  • Libraries

Log in to your account

Log in with GOOGLE


If you do not have an external account, but do have a local account, you can still log in:

  1. Home
  2. MARC view: What's that job and how the hell do I get it?:
Normal view MARC view ISBD view

What's that job and how the hell do I get it?: (Record no. 288034)

[ view plain ]
MARC details
000 -LEADER
fixed length control field 00610nam a2200181Ia 4500
008 - FIXED-LENGTH DATA ELEMENTS--GENERAL INFORMATION
fixed length control field 150610s9999 xx 000 0 und d
020 ## - INTERNATIONAL STANDARD BOOK NUMBER
International Standard Book Number 9780767926126
050 ## - LIBRARY OF CONGRESS CALL NUMBER
Classification number HF5381
Item number .R7615 2008
100 ## - MAIN ENTRY--PERSONAL NAME
Personal name Rosen, David J.
245 ## - TITLE STATEMENT
Title What's that job and how the hell do I get it?:
Remainder of title the inside scoop on more than 50 cool jobs from people who actually have them /
Statement of responsibility, etc by David J. Rossen.
250 ## - EDITION STATEMENT
Edition statement 1st ed.
260 ## - PUBLICATION, DISTRIBUTION, ETC. (IMPRINT)
Place of publication, distribution, etc New York :
Name of publisher, distributor, etc Broadway Books,
Date of publication, distribution, etc 2008.
300 ## - PHYSICAL DESCRIPTION
Extent 303pages ;
Dimensions 24 cm.
520 ## - SUMMARY, ETC.
Summary, etc Occupations.
650 ## - SUBJECT ADDED ENTRY--TOPICAL TERM
Topical term following geographic name as entry element Self-evaluation.
650 ## - SUBJECT ADDED ENTRY--TOPICAL TERM
General subdivision Job descriptions.
650 ## - SUBJECT ADDED ENTRY--TOPICAL TERM
General subdivision Professions.
Holdings
Withdrawn status Lost status Damaged status Home library Current library Shelving location Date acquired Total Checkouts Full call number Barcode Date last seen Price effective from Koha item type
      Stonyhurst Southville International School (Batangas) Stonyhurst Southville International School (Batangas) High School Section 06/10/2015   HF5381 .R7615 2008 US-1476 06/10/2015 06/10/2015 Books

What's that job and how the hell do I get it?:

APA

Rosen D. J., . (2008). What's that job and how the hell do I get it?. New York: Broadway Books.

Chicago

Rosen David J, . 2008. What's that job and how the hell do I get it?. New York: Broadway Books.

Harvard

Rosen D. J., . (2008). What's that job and how the hell do I get it?. New York: Broadway Books.

MLA

Rosen David J, . What's that job and how the hell do I get it?. New York: Broadway Books. 2008.

  • Place hold
  • Print
  • Cite
  • Add to your cart (remove)
  • Save record
    BIBTEX Dublin Core MARCXML MARC (non-Unicode/MARC-8) MARC (Unicode/UTF-8) MARC (Unicode/UTF-8, Standard) MODS (XML) RIS
  • More searches
    Search for this title in:
    Other Libraries (WorldCat) Other Databases (Google Scholar) Online Stores (Bookfinder.com) Open Library (openlibrary.org)

Exporting to Dublin Core...

SOUTHVILLE LIBRARY

Southville International School and Colleges Library

1281 Tropical Ave. Cor. Luxembourg St., BF Homes International, Las Pinas City

Tel. No. 8256374 / 252358 Loc. 117/146

Powered by Koha